000 00248nam a2200097Ia 4500
001 1250372
005 20251031150855.0
008 251031s9999 xx 000 0 und d
245 0 _cTARIK BUĞRA
_aE-1 GÜNEŞ VE ARSLAN
260 _bÖTÜKEN YAYINLARI
999 _c1250372
_d1250372